Contención y estabilidad en ortodoncia (Registro nro. 515)

Detalles MARC
000 -Cabecera
Campo de control de longitud fija 00598aam a2200229 4500
005 - Fecha y hora de la última transacción
Campo de control 20251120163825.0
008 - Elementos de longitud fija--Información general
Campo de control de longitud fija 150805b1994 xxu||||| |||| 00| 0 spa d
020 ## - International Standard Book Number
Número Internacional Estándar del Libro (ISBN) 9500615169
041 ## - Idioma
Código de idioma Español
082 ## - Clasificación Decimal Dewey
Número de clasificación 617.643 N176c
100 ## - Entrada principal--Autor personal
Nombre personal Nanda, Ravindra
9 (RLIN) 17796
100 ## - Entrada principal--Autor personal
Nombre personal Burstone, Charles
9 (RLIN) 18144
245 ## - Título propiamente dicho
Título Contención y estabilidad en ortodoncia
260 ## - Pie de imprenta
Lugar de publicación, distribución, etc. México
260 ## - Pie de imprenta
Nombre del editor, distribuidor, etc. Editorial Médica Panamericana
260 ## - Pie de imprenta
Fecha de publicación, distribución, etc. 1994
300 ## - Descripción física
Extensión 191 páginas
300 ## - Descripción física
Otras características físicas Ilustraciones a blanco y negro
490 ## - Serie
Título de la Serie Mecánica Dental
650 ## - Materia general
Temática (materia general) ORTODONCIA
942 ## - Punto de acceso adicional KOHA
Tipo de ítem KOHA Libro
Fuente del sistema de clasificación o colocación Dewey Decimal Classification
Existencias
Signatura completa Código de barras Programa Académico Tipo de ítem
617.643 N176c 2592 Mecánica Dental Libro